| 000 | nam a22 7a 4500 | ||
|---|---|---|---|
| 999 |
_c18339 _d18339 |
||
| 008 | 161216b xxu||||| |||| 00| 0 eng d | ||
| 020 | _a996601440 | ||
| 050 | _aBJ1012 .D43 2006 | ||
| 100 | _aDebeljuh, Patricia | ||
| 245 |
_aEthics: _blearning to live/ _cPatricia Debeljuh and Catherine Dean |
||
| 260 |
_aNairobi: _bFocus Publishers Ltd., _c2006 |
||
| 300 |
_a268p. : _c20 cm. |
||
| 500 | _aIncludes bibliographical references and index. | ||
| 650 | _aEthics. | ||
| 700 | _aDean, Catherine | ||
| 942 |
_2lcc _cBOOKS _hBJ1012 .D43 2006 _06 |
||